La llamada del desierto: mujeres musulmanas olvidadas (Record no. 197253)

MARC details
000 -LEADER
campo de control de longitud fija 02287nim a2200457 i 4500
001 - NÚMERO DE CONTROL
campo de control 197253
003 - IDENTIFICADOR DE NÚMERO DE CONTROL
campo de control ES-MaACL
005 - FECHA Y HORA DE LA ÚLTIMA TRANSACCIÓN
campo de control 20250901050621.0
007 - CAMPO FIJO DE DESCRIPCIÓN FÍSICA--INFORMACIÓN GENERAL
campo de control de longitud fija ss lsnjlcipnne
008 - DATOS DE LONGITUD FIJA--INFORMACIÓN GENERAL
campo de control de longitud fija 290425s1990 sp nnnn |||| 00| spa d
040 ## - FUENTE DE CATALOGACIÓN
Lengua de catalogación spa
Centro/agencia transcriptor ES-MaACL
245 00 - MENCIÓN DEL TÍTULO
Título La llamada del desierto: mujeres musulmanas olvidadas
Medio [Grabación sonora] :
Resto del título ciclo El mundo que habitan las mujeres /
Mención de responsabilidad, etc. intervienen Aicha Mohameed Mate, Claudia Naroki y Concho González ; presenta Agustina de Andrés.
260 ## - PUBLICACIÓN, DISTRIBUCIÓN, ETC.
Lugar de publicación, distribución, etc. Madrid :
Nombre del editor, distribuidor, etc. Ateneo de Madrid,
Fecha de publicación, distribución, etc. 1990.
300 ## - DESCRIPCIÓN FÍSICA
Extensión 2 casetes (ca. 180 min) :
Otras características físicas son. ;
Dimensiones 11 cm
490 1# - MENCIÓN DE SERIE
Materiales especificados Actos culturales en el Ateneo de Madrid
505 ## - NOTA DE CONTENIDO CON FORMATO
Nota de contenido con formato Participan Aicha Mohameed Mate, Claudia Naroki y Conchi González. Presenta Agustina de Andrés, presidenta de la Agrupación Ateneísta de Estudios sobre la Mujer "Clara Campoamor".
518 ## - NOTA DE FECHA/HORA Y LUGAR DE UN ACONTECIMIENTO
Nota de fecha/hora y lugar de un acontecimiento Grabado el 18 de diciembre de 1990 en el Salón de Actos del Ateneo de Madrid.
520 ## - RESUMEN, ETC.
Sumario, etc. Debate sobre las mujeres musulmanas olvidadas dentro del ciclo titulado El mundo que habitan las mujeres.
540 ## - NOTA DE CONDICIONES DE USO Y REPRODUCCIÓN
Condiciones de uso y reproducción Documento inédito
594 ## - Nota al título y mención de responsabilidad
a Datos basados en la invitación.
610 20 - PUNTO DE ACCESO ADICIONAL DE MATERIA--NOMBRE DE ENTIDAD CORPORATIVA
Nombre de entidad corporativa o nombre de jurisdicción como elemento de entrada Ateneo de Madrid-
Subdivisión general Actos culturales-
Subdivisión cronológica 1990-
Subdivisión de forma Grabaciones sonoras
9 (RLIN) 240083
650 #7 - PUNTO DE ACCESO ADICIONAL DE MATERIA--TÉRMINO DE MATERIA
9 (RLIN) 240422
Término de materia o nombre geográfico como elemento de entrada Musulmanas
Fuente del encabezamiento o término embne
653 ## - TÉRMINO DE INDIZACIÓN--NO CONTROLADO
Término no controlado Archivo de la palabra
655 #0 - TERMINO DE INDIZACIÓN--GENERO/FORMA
Datos o término principal de género/forma Conferencias
9 (RLIN) 234444
700 ## - ENTRADA AGREGADA--NOMBRE PERSONAL
Nombre de persona Andrés, Agustina de
Término indicativo de función/relación presentador
9 (RLIN) 240227
700 ## - ENTRADA AGREGADA--NOMBRE PERSONAL
Término indicativo de función/relación Orador
9 (RLIN) 240423
Nombre de persona Mohameed Mate, Aicha
700 ## - ENTRADA AGREGADA--NOMBRE PERSONAL
Término indicativo de función/relación Orador
9 (RLIN) 240424
Nombre de persona Naroki, Claudia
700 ## - ENTRADA AGREGADA--NOMBRE PERSONAL
Término indicativo de función/relación Orador
9 (RLIN) 240427
Nombre de persona González, Conchi
710 ## - ENTRADA AGREGADA--NOMBRE DE ENTIDAD CORPORATIVA
Nombre de entidad corporativa o nombre de jurisdicción como elemento de entrada Ateneo de Madrid.
Término indicativo de función/relación Sede
9 (RLIN) 240081
Unidad subordinada Agrupación Ateneísta de Estudios sobre la Mujer "Clara Campoamor"
710 2# - ENTRADA AGREGADA--NOMBRE DE ENTIDAD CORPORATIVA
Nombre de entidad corporativa o nombre de jurisdicción como elemento de entrada Ágora Feminista
Término indicativo de función/relación Colaborador
9 (RLIN) 240372
710 2# - ENTRADA AGREGADA--NOMBRE DE ENTIDAD CORPORATIVA
Nombre de entidad corporativa o nombre de jurisdicción como elemento de entrada Fórum de Política Feminista
Término indicativo de función/relación Colaborador
9 (RLIN) 4150
710 ## - ENTRADA AGREGADA--NOMBRE DE ENTIDAD CORPORATIVA
Nombre de entidad corporativa o nombre de jurisdicción como elemento de entrada Mujeres de la Asociación por la Defensa de la Sanidad Pública
Término indicativo de función/relación Colaborador
9 (RLIN) 240375
710 ## - ENTRADA AGREGADA--NOMBRE DE ENTIDAD CORPORATIVA
Nombre de entidad corporativa o nombre de jurisdicción como elemento de entrada Asociación de Mujeres Juristas Themis
Término indicativo de función/relación Colaborador
9 (RLIN) 240376
710 ## - ENTRADA AGREGADA--NOMBRE DE ENTIDAD CORPORATIVA
Nombre de entidad corporativa o nombre de jurisdicción como elemento de entrada Movimiento por la Liberación e Igualdad de la Mujer
Término indicativo de función/relación Colaborador
9 (RLIN) 240364
830 #0 - PUNTO DE ACCESO ADICIONAL DE SERIE-TÍTULO UNIFORME
Título uniforme Actos culturales en el Ateneo de Madrid
9 (RLIN) 240237
852 ## - LOCALIZACIÓN
Ubicación ES-MaACL
Ubicación en estantería Depósito Z
Designación de la unidad física Cinta 1
itemnumber 205476
852 ## - LOCALIZACIÓN
Ubicación ES-MaACL
Ubicación en estantería Depósito Z
Designación de la unidad física Cinta 2
itemnumber 205477
942 ## - ELEMENTOS DE ENTRADA SECUNDARIOS (KOHA)
Fuente del sistema de clasificación o colocación Clasificación decimal universal
Suprimir en OPAC No
Tipo de ítem Koha Casete
Holdings
Estatus retirado Estado de pérdida Fuente del sistema de clasificación o colocación Especificación de materiales (volumen encuadernado u otra parte) Estado de daño No para préstamo Colección Biblioteca de origen Biblioteca actual Ubicación en estantería Fecha de adquisición Total de préstamos Signatura topográfica completa Código de barras Visto por última vez Precio de reemplazo Tipo de ítem Koha
    Clasificación decimal universal Cinta 1     Archivo de la palabra Biblioteca del Ateneo de Madrid Biblioteca del Ateneo de Madrid Depósito Z 13/05/2025   AP/1173 2025-0248 13/05/2025 13/05/2025 Casete
    Clasificación decimal universal Cinta 2     Archivo de la palabra Biblioteca del Ateneo de Madrid Biblioteca del Ateneo de Madrid Depósito Z 13/05/2025   AP/1174 2025-0247 13/05/2025 13/05/2025 Casete